| 000 | 00391nam a2200145Ia 4500 | ||
|---|---|---|---|
| 008 | 230312s9999||||xx |||||||||||||| ||und|| | ||
| 020 | _a9781285863566 | ||
| 082 |
_a76.76 _bTOM-M |
||
| 100 | _aAlexander,Michael | ||
| 245 | 0 | _aExcel dashboards & reports for dummies | |
| 260 |
_bCengage _aUSA _c2016 |
||
| 300 | _a423 | ||
| 650 |
_aComputer _vOpertring System Operating systems |
||
| 942 | _cBK | ||
| 999 |
_c18228 _d18228 |
||